| 000 -LEADER |
| fixed length control field |
01601cam a22004454a 4500 |
| 001 - CONTROL NUMBER |
| control field |
15205393 |
| 003 - CONTROL NUMBER IDENTIFIER |
| control field |
NUST |
| 005 - DATE AND TIME OF LATEST TRANSACTION |
| control field |
20190710070613.0 |
| 008 - FIXED-LENGTH DATA ELEMENTS--GENERAL INFORMATION |
| fixed length control field |
080304s2004 ne ac b 001 0 eng c |
| 010 ## - LIBRARY OF CONGRESS CONTROL NUMBER |
| LC control number |
2008271651 |
| 015 ## - NATIONAL BIBLIOGRAPHY NUMBER |
| National bibliography number |
GBA527408 |
| Source |
bnb |
| 016 7# - NATIONAL BIBLIOGRAPHIC AGENCY CONTROL NUMBER |
| Record control number |
101263861 |
| Source |
DNLM |
| 016 7# - NATIONAL BIBLIOGRAPHIC AGENCY CONTROL NUMBER |
| Record control number |
013159084 |
| Source |
Uk |
| 016 ## - NATIONAL BIBLIOGRAPHIC AGENCY CONTROL NUMBER |
| Record control number |
B0514202 |
| Source |
bccb |
| 020 ## - INTERNATIONAL STANDARD BOOK NUMBER |
| International Standard Book Number |
1402026390 (hb : alk paper) |
| 020 ## - INTERNATIONAL STANDARD BOOK NUMBER |
| International Standard Book Number |
9781402026393 (hb : alk paper) |
| 035 ## - SYSTEM CONTROL NUMBER |
| System control number |
(OCoLC)ocm58998368 |
| 038 ## - RECORD CONTENT LICENSOR |
| Staff Name |
ASAB |
| 040 ## - CATALOGING SOURCE |
| Original cataloging agency |
NLM |
| Transcribing agency |
NLM |
| 042 ## - AUTHENTICATION CODE |
| Authentication code |
ukblsr |
| -- |
pcc |
| 050 00 - LIBRARY OF CONGRESS CALL NUMBER |
| Classification number |
QH324.2 |
| Item number |
.N49 2004 |
| 060 00 - NATIONAL LIBRARY OF MEDICINE CALL NUMBER |
| Classification number |
2006 E-371 |
| 060 10 - NATIONAL LIBRARY OF MEDICINE CALL NUMBER |
| Classification number |
QU 26.5 |
| Item number |
N532 2004 |
| 072 #7 - SUBJECT CATEGORY CODE |
| Subject category code |
QH |
| Source |
lcco |
| 082 00 - DEWEY DECIMAL CLASSIFICATION NUMBER |
| Classification number |
570.28 |
| Edition number |
22 |
| 245 04 - TITLE STATEMENT |
| Title |
The new avenues in bioinformatics / |
| Statement of responsibility, etc. |
edited by Joseph Seckbach and Eitan Rubin. |
| 260 ## - PUBLICATION, DISTRIBUTION, ETC. |
| Place of publication, distribution, etc. |
Dordrecht : |
| -- |
Boston : |
| Name of publisher, distributor, etc. |
Kluwer Academic Publishers, |
| Date of publication, distribution, etc. |
c2004. |
| 300 ## - PHYSICAL DESCRIPTION |
| Extent |
xxvi, 281 p. : |
| Other physical details |
ill., ports. ; |
| Dimensions |
25 cm. |
| 440 #0 - SERIES STATEMENT/ADDED ENTRY--TITLE |
| Title |
Cellular origin and life in extreme habitats and astrobiology ; |
| Volume/sequential designation |
v. 8 |
| 9 (RLIN) |
17264 |
| 504 ## - BIBLIOGRAPHY, ETC. NOTE |
| Bibliography, etc. note |
Includes bibliographical references and index. |
| 650 #0 - SUBJECT ADDED ENTRY--TOPICAL TERM |
| Topical term or geographic name entry element |
Bioinformatics. |
| 9 (RLIN) |
13954 |
| 650 12 - SUBJECT ADDED ENTRY--TOPICAL TERM |
| Topical term or geographic name entry element |
Computational Biology. |
| 9 (RLIN) |
957 |
| 700 1# - ADDED ENTRY--PERSONAL NAME |
| Personal name |
Seckbach, J. |
| Fuller form of name |
(Joseph) |
| 9 (RLIN) |
17265 |
| 700 1# - ADDED ENTRY--PERSONAL NAME |
| Personal name |
Rubin, Eitan. |
| 9 (RLIN) |
17266 |
| 856 42 - ELECTRONIC LOCATION AND ACCESS |
| Materials specified |
Publisher description |
| Uniform Resource Identifier |
<a href="http://www.loc.gov/catdir/enhancements/fy0823/2008271651-d.html">http://www.loc.gov/catdir/enhancements/fy0823/2008271651-d.html</a> |
| 856 41 - ELECTRONIC LOCATION AND ACCESS |
| Materials specified |
Table of contents only |
| Uniform Resource Identifier |
<a href="http://www.loc.gov/catdir/enhancements/fy0823/2008271651-t.html">http://www.loc.gov/catdir/enhancements/fy0823/2008271651-t.html</a> |
| 906 ## - LOCAL DATA ELEMENT F, LDF (RLIN) |
| a |
7 |
| b |
cbc |
| c |
pccadap |
| d |
2 |
| e |
ncip |
| f |
20 |
| g |
y-gencatlg |
| 942 ## - ADDED ENTRY ELEMENTS (KOHA) |
| Source of classification or shelving scheme |
|
| Koha item type |
Book |